Harry James Potter Biographical Info Quiz Stats

 Plays Quiz not verified by Sporcle

Challenge
Share
Tweet
Embed
Score 0/19 Timer 02:00
0 Plays Today
Hint Fact % Correct
Father James Potter
99.1%
Mother Lily Evans Potter
98.6%
Best friend (male)Ronald Bilius Weasley
97.5%
Best friend (female)Hermione Jean Granger
97.2%
SchoolHogwarts School of Witchcraft and Wizardry
97.2%
CousinDudley Dursley
96.1%
UncleVernon Dursley
95.8%
AuntPetunia Dursley
95.6%
BirthplaceGodric's Hollow
88.1%
WifeGinny Weasley
86.9%
Hint Fact % Correct
Eldest childJames Sirius Potter
84.7%
Middle childAlbus Severus Potter
83.9%
Youngest childLily Luna Potter
82%
PetHedwig
80.6%
GodfatherSirius Black
80.5%
Birthdate (Month Day, Year)July 31, 1980
79.1%
GodsonTed Lupin
75.3%
First wand corePhoenix
73.6%
First wand woodHolly
58.8%

You're not logged in!

Compare scores with friends on all Sporcle quizzes.
Join for Free
OR
Log In

You Might Also Like...

Show Comments

Extras

Top Quizzes Today


Score Distribution

Your Account Isn't Verified!

In order to create a playlist on Sporcle, you need to verify the email address you used during registration. Go to your Sporcle Settings to finish the process.

Report this User

Report this user for behavior that violates our Community Guidelines.

Details: